000 00504nam a22001817a 4500
001 196062
003 OSt
005 20240819121635.0
008 240819b |||||||| |||| 00| 0 POR d
020 _a9788508057481
040 _aColégio Cândido Portinari
_bPortuguês
_cColégio Cândido Portinari
082 _a028.5
100 _aBandeira, Pedro
_eAuthor
_9172
245 _aMariana/ Ilustrações de Célia Kofuji
250 _a3. ed.
260 _aSão Paulo: Ática, 2000.
942 _2udc
_cBK
_n0
999 _c196062
_d196062